000 00690nam a22002417a 4500
005 20170124110237.0
010 _aB-094578
020 _c00.00
_a8123908377
035 _aB-094578
037 _bCen Lib/Ret
040 _aDPL
_bEN
082 _a616.12
_bLUT
100 _aLuthra, Atul
_920182
245 _aYou and your heart /
_cby Atul Luthra
246 _b
260 _bCBS Publishers
_c2002
_aNew Delhi
270 _a4596/1-A, Ansari Raod, Darya Ganj
_bNew Delhi
_e110002
300 _axiii,248p. :
_c19cm(Hb)
_bill.
500 _aIncludes index
650 _aThe Human heart
_942331
650 _aDiseases -- Heart
_942332
942 _2ddc
_cEN
_h616.12
_mLUT
999 _c134968
_d134968